| 000 | 00452nam a22001691i 4500 | ||
|---|---|---|---|
| 001 | 15130 | ||
| 090 | _a15130 | ||
| 100 | _a20170304u u u0frey50 ba | ||
| 101 | 0 | _apor | |
| 200 | 1 |
_fJosé dos Vultos Sequeira _aDa semente ao pão |
|
| 210 |
_cSismet _aOeiras _dimp. 1981 |
||
| 215 |
_a23, [1] p. _cil. _d18x23 cm |
||
| 700 | 1 |
_aSequeira _bJosé dos Vultos _4070 |
|
| 701 | 1 |
_aLeão _bAna _4600 |
|
| 702 | 1 |
_aLopes _bJosé Maria _4440 |
|
| 801 |
_aPT _gRPC |
||
| 990 | _cLIVROS | ||